LEADER 02077oam 2200541M 450 001 9910716322103321 005 20200213070627.7 035 $a(CKB)5470000002520917 035 $a(OCoLC)1066004779 035 $a(OCoLC)995470000002520917 035 $a(EXLCZ)995470000002520917 100 $a20071213d1926 ua 0 101 0 $aeng 135 $aurcn||||||||| 181 $ctxt$2rdacontent 182 $cc$2rdamedia 183 $acr$2rdacarrier 200 10$aPay of carriers for contract air mail service. May 13, 1926. -- Committed to the Committee of the Whole House on the State of the Union and ordered to be printed 210 1$a[Washington, D.C.] :$c[U.S. Government Printing Office],$d1926. 215 $a1 online resource (2 pages) 225 1 $aHouse report / 69th Congress, 1st session. House ;$vno. 1197 225 1 $a[United States congressional serial set ] ;$v[serial no. 8534] 300 $aBatch processed record: Metadata reviewed, not verified. Some fields updated by batch processes. 300 $aFDLP item number not assigned. 606 $aAir mail service 606 $aGovernment contractors 606 $aLegislative amendments 606 $aPostal service$xLaw and legislation 606 $aPublic contracts 606 $aTransportation$xFares 606 $aTransportation$xRates 608 $aLegislative materials.$2lcgft 615 0$aAir mail service. 615 0$aGovernment contractors. 615 0$aLegislative amendments. 615 0$aPostal service$xLaw and legislation. 615 0$aPublic contracts. 615 0$aTransportation$xFares. 615 0$aTransportation$xRates. 701 $aTaylor$b Herbert Worthington$f1869-1931$pRepublican (NJ)$01404459 801 0$bWYU 801 1$bWYU 801 2$bOCLCO 801 2$bOCLCQ 906 $aBOOK 912 $a9910716322103321 996 $aPay of carriers for contract air mail service. May 13, 1926. -- Committed to the Committee of the Whole House on the State of the Union and ordered to be printed$93479062 997 $aUNINA LEADER 02711nam0 2200541 i 450 001 CFI0127829 005 20251003044124.0 010 $a8802041415 020 $aIT$b90-6226 100 $a19900720d1987 ||||0itac50 ba 101 | $aita 102 $ait 181 1$6z01$ai $bxxxe 182 1$6z01$an 200 1 $aFilippo Turati$fRenato Monteleone 210 $aTorino$cUnione tipografico-editrice torinese$d©1987 215 $aXII, 583 p., [16] c. di tav.$cill.$d24 cm. 225 | $aˆLa ‰vita sociale della nuova Italia$v36 312 $aTit. in cop.: Turati$9CFI0127831 410 0$1001CFI0039111$12001 $aˆLa ‰vita sociale della nuova Italia$v36 517 1 $aTurati. -$9CFI0127831 606 $aTurati, Filippo$xBiografia$2FIR$3CFIC018666$9I 676 $a320.531092$9$v21 676 $a324.245074092$9Partito socialista italiano. Persone$v12 676 $a324.245074092$9PARTITI MODERNI ITALIANI. PARTITI SOCIALISTI. Persone$v21 676 $a324.245074092$9Partiti italiani. Partiti socialisti. Persone$v22 676 $a324.2450740922$9PARTITI MODERNI ITALIANI. PARTITI SOCIALISTI. PERSONE COLLEGATE CON IL SOGGETTO$v19 676 $a324.2450740924$9PARTITI MODERNI ITALIANI. PARTITI SOCIALISTI. Singole persone$v19 676 $a920$9Biografia, genealogia, insegne$v14 676 $a923$9BIOGRAFIA. SOVRANI, UOMINI POLITICI, MILITARI, EDUCATORI, ETC.$v17 676 $a923.245$9Persone operanti nel campo della scienza politica e politica. Italia.$v21 676 $a945.091092$9STORIA D'ITALIA. REGNO DI VITTORIO EMANUELE III, 1900-1946. Persone$v20 700 1$aMonteleone$b, Renato$3CFIV002282$4070$0128580 801 3$aIT$bIT-000000$c19900720 850 $aIT-BN0095 $aIT-AV0001 $aIT-AV0003 $aIT-AV0007 $aIT-NA0070 $aIT-SA0199 $aIT-NA0120 $aIT-CE0127 $aIT-NA0230 $aIT-BN0052 $aIT-BN0015 $aIT-NA0097 901 $bNAP BU$c1 B $nPropedeutica. Formato cm. 20,1-28. 901 $bNAP SP$cF. PELL. $nFondo Pellicciari 901 $bNAP CO$cBIBLIOTECA$n$ 901 $bNAP AL$cVILLANI $n$ 901 $bNAP AV$cSEZ. M $nSezione Moderna 901 $bNAP AR$cP. CICCONE$nDONAZIONE 901 $bNAP CR$cFONDO $n$ 901 $bNAP CT$cSEZ.GEN. $n$ 912 $aCFI0127829 950 0$aBiblioteca Centralizzata di Ateneo$cv. 2-9;12-15;17-23;25-31;33-40$d 01COLL. ITA VITSDN$e 01AR 0070034585 VMA (0036 1 v.$fB $h20250611$i20250611 977 $a 01$a AL$a AR$a AV$a BU$a CO$a CR$a CT$a IR$a MG$a PB$a SP 996 $aFilippo Turati$9218153 997 $aUNISANNIO